[Event "Torquay Bloodworth op"]
[Site "Torquay"]
[Date "2019.09.02"]
[Round "2"]
[White "Evans, Helen I"]
[Black "Page, Martin C"]
[Result "0-1"]
[WhiteElo "1547"]
[BlackElo "1804"]
[PlyCount "74"]
[EventDate "2019.09.01"]
[EventType "swiss"]
[EventRounds "7"]
[EventCountry "ENG"]
[SourceTitle "CBM 192 Extra"]
[Source "Chessbase"]
[SourceDate "2019.11.06"]
[SourceVersion "1"]
[SourceVersionDate "2019.11.06"]
[SourceQuality "1"]

1. c4 e6 2. Nc3 d5 3. e3 Nf6 4. Nf3 Be7 5. d4 0-0 6. Bd3 c5 7. 0-0 Nc6 8. h3 b6 9. cxd5 exd5 10. Bb5 Bb7 11. b3 Rc8 12. Bb2 Bd6 13. Rc1 Qe7 14. Re1 Rfd8 15. dxc5 bxc5 16. Qe2 Ne5 17. Nxe5 Qxe5 18. g3 Qe6 19. Qf1 Bb8 20. Ne2 Ne4 21. Red1 Qb6 22. Bd3 Qc6 23. Bxe4 dxe4 24. Nc3 Ba6 25. Qe1 Bd3 26. Na4 Bd6 27. Qc3 Bf8 28. Ba3 c4 29. Bxf8 Rxf8 30. Nb2 Qe6 31. bxc4 Be2 32. Rd2 Bf3 33. Kh2 Rc5 34. Rd5 Rxd5 35. cxd5 Qxd5 36. Qb4 Qxa2 37. Na4 Qxf2# 0-1

[Event "GBR-ch Soanes op 106th"]
[Site "Torquay"]
[Date "2019.07.26"]
[Round "1"]
[White "Evans, Helen I"]
[Black "Sadler, Ben"]
[Result "0-1"]
[WhiteElo "1568"]
[BlackElo "1749"]
[PlyCount "59"]
[EventDate "2019.07.26"]
[EventType "swiss"]
[EventRounds "5"]
[EventCountry "ENG"]
[SourceTitle "EXT 2021"]
[Source "ChessBase"]
[SourceDate "2020.10.23"]
[SourceVersion "1"]
[SourceVersionDate "2020.10.23"]
[SourceQuality "1"]

1. c4 Nf6 2. Nc3 g6 3. d4 Bg7 4. e4 d6 5. Be2 0-0 6. Nf3 e5 7. 0-0 Nc6 8. d5 Ne7 9. b4 a5 10. b5 Nd7 11. a4 f5 12. exf5 gxf5 13. Bb2 Nc5 14. Ne1 Ng6 15. g3 f4 16. Bf3 e4 17. Bg4 f3 18. Bxc8 Qxc8 19. Nc2 Nd3 20. Rb1 Nxb2 21. Rxb2 Bxc3 22. Rb3 Bg7 23. Re3 Qh3 24. Ne1 Rae8 25. Qc2 Qf5 26. Nxf3 Bh6 27. Nd4 Qe5 28. Nf3 Rxf3 29. Rxf3 exf3 30. Qd1 0-1

[Event "Crawley e2e4 Gatwick op U1850"]
[Site "Crawley"]
[Date "2016.05.28"]
[Round "3"]
[White "Evans, Helen I"]
[Black "Homolka, Vincent"]
[Result "1/2-1/2"]
[WhiteElo "1585"]
[BlackElo "1818"]
[PlyCount "44"]
[EventDate "2016.05.27"]
[EventType "swiss"]
[EventRounds "7"]
[EventCountry "ENG"]
[SourceTitle "EXT 2019"]
[Source "ChessBase"]
[SourceDate "2018.10.10"]
[SourceVersion "1"]
[SourceVersionDate "2018.10.10"]
[SourceQuality "1"]

1. e4 d5 2. exd5 Qxd5 3. Nc3 Qa5 4. Bc4 Nf6 5. d3 Bg4 6. f3 Bf5 7. Qe2 Nc6 8. Be3 e6 9. 0-0-0 0-0-0 10. Qf2 Ne5 11. Bb3 Bb4 12. Nge2 Bxd3 13. cxd3 Nxd3+ 14. Rxd3 Rxd3 15. Rd1 Rxd1+ 16. Kxd1 Rd8+ 17. Kc2 Bxc3 18. Nxc3 b6 19. Kc1 Qe5 20. g3 Kb7 21. Bf4 Qd4 22. Be3 Qe5 1/2-1/2

[Event "Crawley e2e4 Gatwick op U1950"]
[Site "Crawley"]
[Date "2016.02.20"]
[Round "3"]
[White "Seeger, Christoph"]
[Black "Evans, Helen I"]
[Result "1-0"]
[WhiteElo "1915"]
[BlackElo "1601"]
[PlyCount "65"]
[EventDate "2016.02.19"]
[EventType "swiss"]
[EventRounds "5"]
[EventCountry "ENG"]
[SourceTitle "EXT 2019"]
[Source "ChessBase"]
[SourceDate "2018.10.10"]
[SourceVersion "1"]
[SourceVersionDate "2018.10.10"]
[SourceQuality "1"]

1. e4 d6 2. d4 Nf6 3. Bd3 e5 4. Ne2 Be7 5. c3 c6 6. 0-0 0-0 7. f4 exf4 8. Bxf4 Bg4 9. Nd2 Bh5 10. Nf3 Bg6 11. e5 Bxd3 12. exf6 Bxe2 13. fxe7 Qxe7 14. Re1 Re8 15. Qc2 Nd7 16. Kf2 Qf6 17. Bg5 Qe6 18. Rxe2 Qd5 19. Rae1 Rxe2+ 20. Rxe2 h6 21. Bh4 g5 22. c4 Qa5 23. Bg3 d5 24. Ne5 Nf6 25. Qf5 Qd8 26. cxd5 cxd5 27. h4 Qb6 28. hxg5 Ne4+ 29. Rxe4 Qxb2+ 30. Re2 Qxd4+ 31. Kf1 Rf8 32. gxh6 Kh8 33. Ng6+ 1-0

[Event "Hastings Masters op 91st"]
[Site "Hastings"]
[Date "2016.01.05"]
[Round "9"]
[White "Evans, Helen I"]
[Black "Larsen, Andreas"]
[Result "0-1"]
[WhiteElo "1577"]
[BlackElo "1998"]
[PlyCount "92"]
[EventDate "2015.12.28"]
[EventType "swiss"]
[EventRounds "9"]
[EventCountry "ENG"]
[SourceTitle "EXT 2017"]
[Source "ChessBase"]
[SourceDate "2016.10.25"]
[SourceVersion "1"]
[SourceVersionDate "2016.10.25"]
[SourceQuality "1"]

1. e4 c6 2. Nf3 d5 3. exd5 cxd5 4. Ne5 Qa5 5. c3 Nd7 6. Nxd7 Bxd7 7. d4 Nf6 8. Bd3 h5 9. Nd2 Rc8 10. Qb3 e6 11. a4 Bd6 12. Nf3 Qc7 13. Qc2 h4 14. Qe2 h3 15. g3 a6 16. Ne5 Kf8 17. f4 Be8 18. Bd2 Ng8 19. Rf1 Ne7 20. f5 f6 21. fxe6 Kg8 22. Nf3 Bh5 23. 0-0-0 b5 24. axb5 axb5 25. Bxb5 Qa5 26. Bd3 Qa1+ 27. Kc2 Qa4+ 28. Kc1 Be8 29. Be1 Qa1+ 30. Kd2 Qxb2+ 31. Ke3 Qa3 32. Qc2 Ba4 33. Qb1 Rb8 34. Qc1 Bxd1 35. Qxd1 Rb2 36. Bc2 Qa2 37. Rf2 Rh6 38. Nh4 f5 39. Qd3 Rxe6+ 40. Kd2 Qa1 41. Nf3 Re4 42. Rf1 Ng6 43. Ng5 Qa2 44. Nxh3 Rxc2+ 45. Qxc2 Re2+ 46. Kxe2 Qxc2+ 0-1

[Event "Hastings Masters op 91st"]
[Site "Hastings"]
[Date "2016.01.04"]
[Round "8"]
[White "Gibbs, Daniel C"]
[Black "Evans, Helen I"]
[Result "1/2-1/2"]
[WhiteElo "1796"]
[BlackElo "1577"]
[PlyCount "73"]
[EventDate "2015.12.28"]
[EventType "swiss"]
[EventRounds "9"]
[EventCountry "ENG"]
[SourceTitle "EXT 2017"]
[Source "ChessBase"]
[SourceDate "2016.10.25"]
[SourceVersion "1"]
[SourceVersionDate "2016.10.25"]
[SourceQuality "1"]

1. d4 d6 2. c4 e5 3. d5 f5 4. e4 Nf6 5. Nc3 Be7 6. Bd3 fxe4 7. Nxe4 0-0 8. Qc2 Nxe4 9. Bxe4 g6 10. Bh6 Rf6 11. h4 Bf5 12. h5 Qd7 13. Bg5 Bxe4 14. Qxe4 Rf5 15. Bxe7 Qxe7 16. hxg6 hxg6 17. g4 Rf4 18. Qxg6+ Qg7 19. Qe8+ Rf8 20. Qe6+ Qf7 21. Qxf7+ Rxf7 22. Ne2 Nd7 23. Ng3 Rf4 24. Nf5 Nf6 25. f3 Rxc4 26. Rh6 Nxd5 27. Kd2 Rf8 28. Rah1 Kf7 29. Rh7+ Ke8 30. Rh8 Rxh8 31. Rxh8+ Kd7 32. g5 e4 33. fxe4 Rxe4 34. g6 Rg4 35. Rh7+ Ke6 36. g7 Nf6 37. Nh6 1/2-1/2

[Event "Hastings Masters op 91st"]
[Site "Hastings"]
[Date "2015.12.28"]
[Round "1"]
[White "Pickersgill, Adrian"]
[Black "Evans, Helen I"]
[Result "1-0"]
[WhiteElo "1986"]
[BlackElo "1577"]
[PlyCount "47"]
[EventDate "2015.12.28"]
[EventType "swiss"]
[EventRounds "9"]
[EventCountry "ENG"]
[SourceTitle "CBM 170 Extra"]
[Source "ChessBase"]
[SourceDate "2016.02.25"]
[SourceVersion "1"]
[SourceVersionDate "2016.02.25"]
[SourceQuality "1"]

1. e4 d6 2. d4 Nf6 3. Nc3 e5 4. Nf3 Nbd7 5. Bc4 Be7 6. Bxf7+ Kxf7 7. Ng5+ Kg8 8. Ne6 Qe8 9. Nxc7 Qd8 10. Nxa8 a6 11. dxe5 dxe5 12. Nd5 Nxd5 13. Qxd5+ Kf8 14. Be3 b6 15. 0-0-0 Ke8 16. Qc6 Kf7 17. Nc7 b5 18. Qe6+ Kf8 19. Qf5+ Kg8 20. Nd5 Bc5 21. Bxc5 Nxc5 22. Ne7+ Qxe7 23. Qxc8+ Qf8 24. Rd8 1-0

[Event "Southend op 59th"]
[Site "Southend"]
[Date "2015.04.03"]
[Round "1"]
[White "Evans, Helen I"]
[Black "Weeber, Richard J"]
[Result "1/2-1/2"]
[WhiteElo "1586"]
[BlackElo "1893"]
[PlyCount "97"]
[EventDate "2015.04.03"]
[EventType "swiss"]
[EventRounds "7"]
[EventCountry "ENG"]
[SourceTitle "CBM 165 Extra"]
[Source "ChessBase"]
[SourceDate "2015.04.21"]
[SourceVersion "1"]
[SourceVersionDate "2015.04.21"]
[SourceQuality "1"]

1. e4 g6 2. Nc3 Bg7 3. f4 d6 4. Nf3 a6 5. Be2 Nd7 6. d3 b5 7. a3 Bb7 8. 0-0 c5 9. Qe1 Rc8 10. Ng5 Ngf6 11. f5 Ne5 12. h3 h6 13. Nf3 g5 14. Nxe5 dxe5 15. Qf2 Qd6 16. Rd1 Nd7 17. Bf3 Nb6 18. Be3 Bf6 19. Na2 Nd7 20. Nc3 Kf8 21. Bh5 Rg8 22. Bg4 Rh8 23. Bh5 Nb6 24. Na2 Nd7 25. Nc3 Kg7 26. Rac1 Rc7 27. Ne2 a5 28. Nc3 Qa6 29. a4 b4 30. Nb5 Rcc8 31. c3 Bc6 32. Qc2 Bxb5 33. axb5 Qxb5 34. cxb4 axb4 35. Qb3 Rhf8 36. Rc2 Rc6 37. Rdc1 Rd6 38. Rd1 Qb6 39. Ra1 e6 40. fxe6 fxe6 41. Qc4 Rc8 42. Bg4 Rdc6 43. Rcc1 Rb8 44. Qc2 Qb5 45. Qb3 Qb6 46. Qc4 Rd6 47. Rd1 Qb5 48. Qb3 Rb7 49. Bxe6 1/2-1/2

[Event "Hastings Masters op 90th"]
[Site "Hastings"]
[Date "2015.01.04"]
[Round "8"]
[White "Evans, Helen I"]
[Black "Kyrkjebo, Marte Bakken"]
[Result "0-1"]
[WhiteElo "1621"]
[BlackElo "1598"]
[PlyCount "70"]
[EventDate "2014.12.29"]
[EventType "swiss"]
[EventRounds "9"]
[EventCountry "ENG"]
[SourceTitle "CBM 164 Extra"]
[Source "ChessBase"]
[SourceDate "2015.03.02"]
[SourceVersion "1"]
[SourceVersionDate "2015.03.02"]
[SourceQuality "1"]

1. e4 e5 2. Nf3 Nc6 3. Nc3 Nf6 4. d4 exd4 5. Nxd4 Bb4 6. Nxc6 bxc6 7. Bd3 0-0 8. 0-0 d5 9. exd5 cxd5 10. h3 c6 11. Qf3 Bd6 12. Bf4 Bxf4 13. Qxf4 Be6 14. Ne2 c5 15. c4 d4 16. Qf3 Rb8 17. b3 Qd6 18. Qf4 Qc6 19. Qh4 Bc8 20. Nf4 h6 21. Qg3 Bb7 22. Rfe1 Rfe8 23. Bc2 Rbd8 24. Qd3 Qd6 25. Qd2 Ne4 26. Qc1 Nc3 27. Bd3 Rxe1+ 28. Qxe1 Qxf4 29. Qe7 Rb8 30. Re1 g6 31. Re5 Nd1 32. f3 Bxf3 33. Qc7 Rf8 34. gxf3 Qg3+ 35. Kh1 Nf2# 0-1

[Event "British-ch 5-day op AM Week 1"]
[Site "Torquay"]
[Date "2013.08.01"]
[Round "4.14"]
[White "Evans, Helen I"]
[Black "Smith, Mark J"]
[Result "1-0"]
[WhiteElo "1630"]
[BlackElo "1378"]
[PlyCount "99"]
[EventDate "2013.07.29"]
[EventType "swiss"]
[EventRounds "5"]
[EventCountry "ENG"]
[SourceTitle "EXT 2023"]
[Source "ChessBase"]
[SourceDate "2022.10.05"]
[SourceVersion "1"]
[SourceVersionDate "2022.10.05"]
[SourceQuality "1"]

1. e4 e5 2. Nc3 Nc6 3. Bc4 Nf6 4. d3 Bc5 5. f4 d6 6. f5 0-0 7. Nf3 h6 8. Na4 Bd4 9. c3 Bb6 10. Nxb6 axb6 11. a3 d5 12. exd5 Nxd5 13. g4 Re8 14. Qe2 Nf4 15. Qe4 Bd7 16. b4 Kh8 17. 0-0 Qe7 18. Bxf4 exf4 19. Qxf4 Ne5 20. Nxe5 Qxe5 21. Qxe5 Rxe5 22. Kf2 f6 23. Rfe1 Rae8 24. Rxe5 Rxe5 25. Re1 Rxe1 26. Kxe1 b5 27. Bf7 Bc6 28. Kf2 b6 29. c4 bxc4 30. dxc4 Ba4 31. Ke3 Bb3 32. Kd4 Bd1 33. h3 Bf3 34. Bd5 Be2 35. a4 Bf1 36. a5 bxa5 37. bxa5 Bxh3 38. Bf3 h5 39. a6 hxg4 40. Bh1 g3 41. a7 g2 42. a8Q+ Kh7 43. Bxg2 Bxf5 44. Be4 Bxe4 45. Qxe4+ Kh6 46. Qf4+ g5 47. Qxf6+ Kh5 48. Ke4 g4 49. Qf5+ Kh4 50. Kf4 1-0

[Event "British-ch 5-day op AM Week 1"]
[Site "Torquay"]
[Date "2013.07.31"]
[Round "3.17"]
[White "Evans, Helen I"]
[Black "Blair, Jimmy"]
[Result "1-0"]
[WhiteElo "1630"]
[BlackElo "1500"]
[PlyCount "53"]
[EventDate "2013.07.29"]
[EventType "swiss"]
[EventRounds "5"]
[EventCountry "ENG"]
[SourceTitle "EXT 2023"]
[Source "ChessBase"]
[SourceDate "2022.10.05"]
[SourceVersion "1"]
[SourceVersionDate "2022.10.05"]
[SourceQuality "1"]

1. e4 e5 2. Nc3 Nf6 3. Bc4 Bc5 4. d3 d6 5. Bg5 h6 6. Bh4 c6 7. Nge2 Nbd7 8. 0-0 0-0 9. Kh1 b5 10. Bb3 Qb6 11. h3 Nh5 12. a4 b4 13. a5 Qc7 14. Na4 Ndf6 15. Nxc5 dxc5 16. f4 exf4 17. Bxf6 Nxf6 18. Nxf4 Qe5 19. Ng6 Qe7 20. Nxe7+ Kh7 21. Nxc6 Bd7 22. Ne5 Be6 23. Bxe6 fxe6 24. Nf3 Rae8 25. Qd2 e5 26. Nh4 Nh5 27. Rxf8 1-0

[Event "British-ch 5-day op AM Week 1"]
[Site "Torquay"]
[Date "2013.07.30"]
[Round "2"]
[White "Freeland, Alex"]
[Black "Evans, Helen I"]
[Result "1-0"]
[WhiteElo "1844"]
[BlackElo "1630"]
[PlyCount "91"]
[EventDate "2013.07.29"]
[EventType "swiss"]
[EventRounds "5"]
[EventCountry "ENG"]
[SourceTitle "EXT 2023"]
[Source "ChessBase"]
[SourceDate "2022.10.05"]
[SourceVersion "1"]
[SourceVersionDate "2022.10.05"]
[SourceQuality "1"]

1. e4 d6 2. d4 Nf6 3. Nc3 c6 4. f4 Qa5 5. Bd3 e5 6. dxe5 dxe5 7. f5 Nbd7 8. Be3 Nc5 9. Qf3 Nxd3+ 10. cxd3 Bb4 11. Nge2 Qc7 12. 0-0 Bd6 13. Rac1 Qb8 14. Ng3 0-0 15. Nh5 Be7 16. Nxf6+ Bxf6 17. g4 h6 18. g5 Bxg5 19. Bxg5 hxg5 20. f6 Qd6 21. Qh5 Qe6 22. Qxg5 Qg4+ 23. Qxg4 Bxg4 24. Rc2 g6 25. Nd1 Rfd8 26. Nf2 Bh5 27. Rc5 Re8 28. h3 Rad8 29. Rc3 Re6 30. Ng4 Bxg4 31. hxg4 g5 32. Rf5 Kh7 33. d4 exd4 34. Rh3+ Kg6 35. Rh5 Rxe4 36. Rhxg5+ Kh6 37. Rg7 Rd5 38. Rf3 Re1+ 39. Kf2 Rh1 40. Kg2 Rh4 41. Kg3 Rh1 42. Kg2 Rh4 43. Rf1 d3 44. Kg3 d2 45. Kxh4 Rd4 46. Rd1 1-0

[Event "British-ch 5-day op AM Week 1"]
[Site "Torquay"]
[Date "2013.07.29"]
[Round "1"]
[White "McDonnell, James J"]
[Black "Evans, Helen I"]
[Result "1-0"]
[WhiteElo "1914"]
[BlackElo "1630"]
[PlyCount "85"]
[EventDate "2013.07.29"]
[EventType "swiss"]
[EventRounds "5"]
[EventCountry "ENG"]
[SourceTitle "EXT 2023"]
[Source "ChessBase"]
[SourceDate "2022.10.05"]
[SourceVersion "1"]
[SourceVersionDate "2022.10.05"]
[SourceQuality "1"]

1. e4 d6 2. d4 Nf6 3. Nc3 c6 4. f4 Qa5 5. Bd3 e5 6. Nf3 Bg4 7. fxe5 dxe5 8. dxe5 Nfd7 9. e6 fxe6 10. h3 Bxf3 11. Qxf3 Nf6 12. Bd2 Bb4 13. 0-0 0-0 14. Qg3 Nbd7 15. a3 Be7 16. Kh1 Qe5 17. Bf4 Qd4 18. Be3 Qe5 19. Qxe5 Nxe5 20. Be2 b6 21. Bd4 Ned7 22. e5 Ne8 23. Bg4 Nc7 24. Rfe1 Bg5 25. Be3 Bxe3 26. Rxe3 Rf2 27. Rd1 Rf7 28. Rd6 Re7 29. Rxc6 Nf8 30. Bf3 Rd8 31. Rd6 Red7 32. Red3 Rxd6 33. exd6 Ne8 34. Nb5 a5 35. Kg1 Nf6 36. Nc7 e5 37. Bg4 Nxg4 38. hxg4 Ng6 39. Kf2 Rd7 40. a4 Rd8 41. g3 h6 42. Ke3 Kf8 43. Ne6+ 1-0

[Event "London e2e4 Diamond Jubilee op-B"]
[Site "London"]
[Date "2012.06.04"]
[Round "5"]
[White "Breed, Greg"]
[Black "Evans, Helen I"]
[Result "1-0"]
[WhiteElo "1663"]
[BlackElo "1613"]
[PlyCount "57"]
[EventDate "2012.06.02"]
[EventType "swiss"]
[EventRounds "7"]
[EventCountry "ENG"]
[SourceTitle "EXT 2014"]
[Source "ChessBase"]
[SourceDate "2013.11.20"]
[SourceVersion "1"]
[SourceVersionDate "2013.11.20"]
[SourceQuality "1"]

1. e4 d6 2. Nc3 Nf6 3. g3 e5 4. Bg2 Be7 5. Nge2 Bg4 6. h3 Be6 7. d3 Qd7 8. f4 Qc8 9. Be3 Nc6 10. Qd2 a6 11. a3 Rb8 12. f5 Bd7 13. g4 b5 14. g5 Ng8 15. Nd5 f6 16. Nec3 fxg5 17. Bxg5 Nf6 18. Bf3 0-0 19. Rg1 Nd4 20. Nxe7+ Kf7 21. Bd1 Kxe7 22. Bxf6+ gxf6 23. Qh6 Qe8 24. Nd5+ Kd8 25. c3 Nc6 26. Bh5 Rf7 27. Bxf7 Qxf7 28. Rg7 Qe8 29. Nxf6 1-0

[Event "London e2e4 Diamond Jubilee op-B"]
[Site "London"]
[Date "2012.06.04"]
[Round "4"]
[White "Evans, Helen I"]
[Black "Roberts, Anthony"]
[Result "0-1"]
[WhiteElo "1613"]
[BlackElo "1710"]
[PlyCount "120"]
[EventDate "2012.06.02"]
[EventType "swiss"]
[EventRounds "7"]
[EventCountry "ENG"]
[SourceTitle "EXT 2014"]
[Source "ChessBase"]
[SourceDate "2013.11.20"]
[SourceVersion "1"]
[SourceVersionDate "2013.11.20"]
[SourceQuality "1"]

1. e4 c5 2. Nc3 g6 3. f4 Bg7 4. Nf3 Nc6 5. Bb5 a6 6. Bxc6 bxc6 7. 0-0 Qc7 8. d3 d6 9. Qe1 e6 10. f5 e5 11. fxg6 hxg6 12. Bg5 f6 13. Be3 Be6 14. Qg3 Ne7 15. Nh4 Bf7 16. Nf5 Nxf5 17. exf5 g5 18. Ne4 Kd7 19. a3 a5 20. Nf2 Ke7 21. Bd2 a4 22. Rae1 Bd5 23. Ng4 Rag8 24. Bc3 Kf7 25. Ne3 Bh6 26. Ng4 Bg7 27. Ne3 Qa7 28. Rf2 Rh4 29. Ng4 Rgh8 30. Bd2 c4 31. dxc4 Bxc4 32. Be3 Qb7 33. c3 c5 34. Rd1 Qe4 35. h3 Bf8 36. Rfd2 Ba6 37. Qf3 Qxf3 38. gxf3 Rxh3 39. Rh2 Rxh2 40. Nxh2 Bc8 41. Kg2 Bxf5 42. Nf1 Bh3+ 43. Kg3 Bxf1 44. Rxf1 Ke6 45. Rd1 Be7 46. Rd2 Bd8 47. Kg4 Bb6 48. Kg3 Rb8 49. Kg4 c4 50. Bxb6 Rxb6 51. Kg3 Rb8 52. Kf2 Rh8 53. Ke3 Rh4 54. Ke2 Rh2+ 55. Ke3 Rxd2 56. Kxd2 Kf5 57. Ke3 d5 58. Kf2 Kf4 59. Ke2 e4 60. fxe4 dxe4 0-1

[Event "London e2e4 Diamond Jubilee op-B"]
[Site "London"]
[Date "2012.06.02"]
[Round "1"]
[White "O'Gorman, Brendan"]
[Black "Evans, Helen I"]
[Result "1/2-1/2"]
[WhiteElo "1787"]
[BlackElo "1613"]
[PlyCount "107"]
[EventDate "2012.06.02"]
[EventType "swiss"]
[EventRounds "7"]
[EventCountry "ENG"]
[SourceTitle "EXT 2014"]
[Source "ChessBase"]
[SourceDate "2013.11.20"]
[SourceVersion "1"]
[SourceVersionDate "2013.11.20"]
[SourceQuality "1"]

1. c4 d6 2. e3 e5 3. d4 Nf6 4. Nc3 c6 5. Nf3 Be7 6. Be2 Nbd7 7. 0-0 0-0 8. b3 Re8 9. Qc2 Bf8 10. Bb2 g6 11. Rad1 Qc7 12. Rc1 Bg7 13. dxe5 dxe5 14. Rfd1 a5 15. Ba3 Bf8 16. Bxf8 Nxf8 17. Ng5 Bf5 18. Bd3 Bxd3 19. Rxd3 Rad8 20. Rcd1 Rxd3 21. Qxd3 Ne6 22. Nxe6 Rxe6 23. h3 Re7 24. Ne4 Nxe4 25. Qxe4 f6 26. Qd3 Kg7 27. h4 h6 28. c5 h5 29. g3 Kf7 30. Qc4+ Kg7 31. Rd6 Qc8 32. Qd3 Qc7 33. Kg2 Kf7 34. Qd1 Qc8 35. Qf3 Re6 36. Qd1 Re7 37. Qd2 Qc7 38. e4 Kg7 39. Rd8 Kf7 40. Rh8 Ke6 41. Qh6 Rg7 42. Qc1 Qd7 43. Qc4+ Ke7 44. Rg8 Rxg8 45. Qxg8 Qe8 46. Qc4 Qd7 47. Qg8 Qe8 48. Qg7+ Qf7 49. Qh6 Ke6 50. Qd2 Qc7 51. Qc3 Qd8 52. Qc4+ Ke7 53. a3 Qd4 54. Qc2 1/2-1/2

[Event "London e2e4 Diamond Jubilee op-B"]
[Site "London"]
[Date "2012.05.06"]
[Round "7"]
[White "Chua, Jing Yuan Cyril"]
[Black "Evans, Helen I"]
[Result "0-1"]
[WhiteElo "2250"]
[BlackElo "1613"]
[PlyCount "45"]
[EventDate "2012.06.02"]
[EventType "swiss"]
[EventRounds "7"]
[EventCountry "ENG"]
[SourceTitle "EXT 2014"]
[Source "ChessBase"]
[SourceDate "2013.11.20"]
[SourceVersion "1"]
[SourceVersionDate "2013.11.20"]
[SourceQuality "1"]

1. e4 d6 2. d4 Nf6 3. Bd3 e5 4. c3 Be7 5. Ne2 0-0 6. f4 Nbd7 7. 0-0 c6 8. Nd2 Qb6 9. Nc4 Qc7 10. fxe5 dxe5 11. Bc2 Re8 12. Kh1 b5 13. Nxe5 Nxe5 14. dxe5 Qxe5 15. Bf4 Qh5 16. Bg3 Bg4 17. Qc1 Bxe2 18. Rf5 Qg4 19. Rg5 Qe6 20. Be5 g6 21. Bd4 c5 22. Bxf6 Qxf6 23. e5 0-1

[Event "GBR-ch Major 98th"]
[Site "Sheffield"]
[Date "2011.07.30"]
[Round "6"]
[White "Evans, Helen I"]
[Black "Hackner, Oskar A"]
[Result "0-1"]
[WhiteElo "1624"]
[BlackElo "1728"]
[PlyCount "70"]
[EventDate "2011.07.25"]
[EventType "swiss"]
[EventRounds "11"]
[EventCountry "ENG"]
[SourceTitle "EXT 2012"]
[Source "ChessBase"]
[SourceDate "2011.11.24"]
[SourceVersion "1"]
[SourceVersionDate "2011.11.24"]
[SourceQuality "1"]

1. e4 e6 2. d4 d5 3. e5 c5 4. c3 Nc6 5. g3 Qb6 6. Ne2 Nge7 7. Bh3 Bd7 8. 0-0 Rc8 9. Kh1 g6 10. Na3 cxd4 11. cxd4 Bg7 12. b3 0-0 13. f4 Nb4 14. Bb2 Rc7 15. Nc3 Rfc8 16. Rf2 Rxc3 17. Bxc3 Rxc3 18. Rf3 Rxf3 19. Qxf3 Qxd4 20. Rc1 Bc6 21. Qe2 Nd3 22. Nc2 Nf2+ 23. Kg2 Qb2 24. Nd4 Qxc1 25. Nxc6 Nxc6 26. Qxf2 Bf8 27. Bg4 Bc5 28. Qe2 Qg1+ 29. Kh3 h5 30. Bf3 Nd4 31. Qd3 Qf2 32. Bg2 Nf5 33. Qb5 Ne3 34. Qe8+ Kg7 35. Bf3 Qxf3 0-1

[Event "GBR-ch Major 98th"]
[Site "Sheffield"]
[Date "2011.07.26"]
[Round "2"]
[White "Evans, Helen I"]
[Black "Cowan, Richard M"]
[Result "1-0"]
[WhiteElo "1624"]
[BlackElo "1898"]
[PlyCount "109"]
[EventDate "2011.07.25"]
[EventType "swiss"]
[EventRounds "11"]
[EventCountry "ENG"]
[SourceTitle "EXT 2012"]
[Source "ChessBase"]
[SourceDate "2011.11.24"]
[SourceVersion "1"]
[SourceVersionDate "2011.11.24"]
[SourceQuality "1"]

1. e4 c6 2. d4 d5 3. exd5 cxd5 4. Bd3 Nc6 5. c3 Qc7 6. Ne2 Bg4 7. f3 Bd7 8. Nd2 Nf6 9. Nf1 e6 10. Bf4 Qb6 11. Qd2 Nh5 12. Be3 Be7 13. Bf2 h6 14. Nfg3 Nf6 15. Be3 Na5 16. b3 Bb5 17. 0-0 Bxd3 18. Qxd3 Nc6 19. Qd2 h5 20. Nf4 h4 21. Nge2 0-0-0 22. Nd3 Nd7 23. a4 g5 24. b4 Rdg8 25. Ne5 Ndxe5 26. dxe5 Qc7 27. b5 Nxe5 28. Qd4 b6 29. Qd1 Nc4 30. Bf2 Bd6 31. h3 f5 32. Nd4 Rh6 33. Re1 Be5 34. Ra2 g4 35. fxg4 fxg4 36. hxg4 h3 37. Qf3 hxg2 38. Kxg2 Bxd4 39. cxd4 Qh2+ 40. Kf1 Qh3+ 41. Qxh3 Rxh3 42. Rxe6 Rxg4 43. Re8+ Kd7 44. Ra8 Rf3 45. Rxa7+ Kd6 46. Ke2 Rgf4 47. Ke1 Re4+ 48. Kd1 Rh3 49. Rg7 Rd3+ 50. Kc1 Ke6 51. Rg6+ Kf5 52. Rg7 Kf4 53. Rf7+ Kg4 54. Rg7+ Kf3 55. Rg3+ 1-0

[Event "GBR-ch Major 98th"]
[Site "Sheffield"]
[Date "2011.07.25"]
[Round "1"]
[White "Brijmohun, Krishna Louis"]
[Black "Evans, Helen I"]
[Result "1-0"]
[WhiteElo "1968"]
[BlackElo "1624"]
[PlyCount "65"]
[EventDate "2011.07.25"]
[EventType "swiss"]
[EventRounds "11"]
[EventCountry "ENG"]
[SourceTitle "EXT 2012"]
[Source "ChessBase"]
[SourceDate "2011.11.24"]
[SourceVersion "1"]
[SourceVersionDate "2011.11.24"]
[SourceQuality "1"]

1. e4 d6 2. d4 Nf6 3. Nc3 c6 4. f4 Qa5 5. Bd3 e5 6. Nf3 Bg4 7. dxe5 Bxf3 8. Qxf3 dxe5 9. fxe5 Qxe5 10. Bf4 Qh5 11. Qg3 Nbd7 12. Be2 Qg6 13. Qxg6 hxg6 14. a3 Nh5 15. Bxh5 gxh5 16. Bc7 Rc8 17. Bf4 g6 18. 0-0-0 Nc5 19. Be5 Rh7 20. b4 Ne6 21. Rd3 Rd8 22. Rhd1 Rxd3 23. Rxd3 Be7 24. b5 Bxa3+ 25. Kd1 Be7 26. bxc6 bxc6 27. Rf3 Kd7 28. Ke2 Bd6 29. Rd3 Kc7 30. Bxd6+ Kb7 31. Rd1 f6 32. Rb1+ Kc8 33. Rb8+ 1-0